000 00974nam a22002657a 4500
001 9024
003 FISKH
005 20251114111850.0
008 251114b cb ||||| |||| 00| 0 eng d
040 _aFISKH
_beng
_cFISKH
_dFISKH
050 _aSF75.C35
082 _a636.07
100 _aCampbell, Janet B.
245 _aFarm babies /
_cBy Janet B. Campbell ; Illustrated by Barbara Lanza
260 _aNew York :
_bA Golden Book,
_c1994.
300 _a24 pages :
_bcolor illustrations ;
_c16 cm
504 _aE
520 _aFarm Babies is a simple, colorful picture book that introduces young children to the baby animals commonly found on a farm. Each page features a different animal family—cows, pigs, sheep, horses, chickens, ducks, and more.
521 8 _a160
_bLexile estimate
521 8 _aE
_bRaz-Plus
650 _aAnimals babies
_vPicture book
_xFarm life
700 _aLanza, Barbara
_eillustrator
942 _2ddc
_cBK
_n0
999 _c9024
_d9024